The telling pool

Bibliographic Details
Main Author: Davies,David Glement
Format: Book
Published: London : Great Britain , 2005
Subjects:

MARC

LEADER 00000cam a2200000 7i4500
001 0000007862
005 20160330.0
008 070907
020 |a 0747584370 
090 0 0 |a DAV   |b ENG (7931) 
100 1 |a Davies,David Glement 
245 1 4 |a The telling pool   |c David Glement-Davies 
260 |a London :   |b Great Britain ,   |c 2005 
500 |a Teenager ages 13-18 years old (blue) 
650 0 |a Teenagers   |x English   |x Languages 
999 |a 0000991624   |b Book   |c Teenagers   |e Perbadanan Perpustakaan Awam Johor 
999 |a 0000991625   |b Book   |c Teenagers   |e Perbadanan Perpustakaan Awam Johor